| 000 | 00755nam a22002057a 4500 | ||
|---|---|---|---|
| 999 |
_c64013 _d64013 |
||
| 005 | 20260309170725.0 | ||
| 008 | 260309s2014 enk||||| |||| 00| 0 eng d | ||
| 020 | _a9781568365510x | ||
| 041 | _aeng | ||
| 080 | _a159.922.4(=521) :316.472(520) | ||
| 100 |
_aDoi, Takeo. _927090 |
||
| 245 |
_aThe anatomy of dependence / _cTakeo Doi; transl. by John Bester. |
||
| 264 |
_aTokyo : _bKodansha USA, _c2014. |
||
| 300 |
_a180 p. ; _b19 cm. |
||
| 500 | _aBibliog.: p. 176-180. | ||
| 653 | _aიაპონური ეროვნული ხასიათი | ||
| 653 | _aიაპონელთა ეთნოფსიქოლოგია | ||
| 653 | _aიაპონური საზოგადოება | ||
| 942 |
_2udc _cᲬᲘᲒᲜᲘ |
||